[Event "Kreismeisterschaft Mittelfranken Mitte 2"]
[Site "Nuernberg"]
[Date "2020.01.06"]
[Round "6.1"]
[White "Saathoff, Richard"]
[Black "Riexinger, Martin"]
[Result "1-0"]
[WhiteElo "2117"]
[BlackElo "1828"]
[PlyCount "125"]
[EventDate "2020.??.??"]
[WhiteTeam "SW Nürnberg Süd"]
[BlackTeam "SW Nürnberg Süd"]

1. e4 d5 2. exd5 Qxd5 3. Nc3 Qa5 4. d4 Nf6 5. Bc4 Bf5 6. Bd2 Qb6 7. Nf3 e6 8.
Qe2 c6 9. O-O-O Be7 10. Ne5 Nbd7 11. Nxd7 Kxd7 12. Rhe1 Rad8 13. d5 cxd5 14.
Nxd5 Nxd5 15. Bxd5 Kc8 16. Bf4 Qb4 17. Bd2 Qc5 18. Bb3 Rd7 19. Be3 Rxd1+ 20.
Rxd1 Qc6 21. Bxa7 b6 22. Qa6+ Kc7 23. Ba4 Bg5+ 24. Kb1 b5 25. Qxc6+ Kxc6 26.
Bb3 Rd8 27. Rxd8 Bxd8 28. Be3 Bc7 29. h3 h5 30. Kc1 Be5 31. c3 Bd3 32. Bd1 g6
33. a4 Kb7 34. Bf3+ Ka6 35. Kd2 Bf1 36. axb5+ Kxb5 37. b3 f6 38. Be4 Ka5 39.
Bxg6 Bxg2 40. Bxh5 Bxh3 41. b4+ Ka4 42. Bd1+ Kb5 43. Be2+ Kc6 44. Kc2 Bd6 45.
Kb3 e5 46. Bf3+ Kc7 47. Bd5 Bf1 48. Be4 Be2 49. c4 Bg4 50. Ka4 Bd7+ 51. b5 f5
52. Bd5 Kb8 53. Bb6 e4 54. c5 Be5 55. c6 Bc8 56. Bc5 Ba6 57. bxa6 Bc7 58. Kb5
e3 59. fxe3 f4 60. exf4 Bd6 61. Bxd6+ Ka7 62. Bc5+ Kb8 63. Kb6 1-0

[Event "Kreismeisterschaft Mittelfranken Mitte 2"]
[Site "Nuernberg"]
[Date "2020.01.06"]
[Round "6.2"]
[White "Haubold, Martin"]
[Black "Grimm, Pascal"]
[Result "1/2-1/2"]
[WhiteElo "2086"]
[BlackElo "1922"]
[PlyCount "48"]
[EventDate "2020.??.??"]
[WhiteTeam "SC Noris-Tarrasch Nürnberg"]
[BlackTeam "SV Postbauer"]

1. e4 Nf6 2. d3 d5 3. Nd2 e5 4. Ngf3 Nc6 5. Be2 Bc5 6. O-O O-O 7. c3 a5 8. Qc2
Bg4 9. Nb3 Bb6 10. Bg5 dxe4 11. dxe4 h6 12. Rad1 Qe7 13. Bxf6 Qxf6 14. h3 Be6
15. Nbd2 Ne7 16. Nc4 Bxc4 17. Bxc4 Ng6 18. Kh1 Nf4 19. Ng1 Rad8 20. g3 Ng6 21.
Kg2 Qg5 22. Kh2 Qf6 23. Kg2 Qg5 24. Kh2 Qf6 1/2-1/2

[Event "Kreismeisterschaft Mittelfranken Mitte 2"]
[Site "Nuernberg"]
[Date "2020.01.06"]
[Round "6.3"]
[White "Varkentin, Wilhelm"]
[Black "Mantel, Ruben"]
[Result "0-1"]
[WhiteElo "1965"]
[BlackElo "2138"]
[PlyCount "84"]
[EventDate "2020.??.??"]
[WhiteTeam "SC JÄKLECHEMIE"]
[BlackTeam "SC Noris-Tarrasch Nürnberg"]

1. Nf3 g6 2. d4 Bg7 3. c4 d6 4. Nc3 Nd7 5. g3 e5 6. Bg2 Ne7 7. O-O O-O 8. Bg5
h6 9. Bc1 f5 10. Ne1 exd4 11. Nb5 Nb6 12. Nxd4 Nxc4 13. e4 fxe4 14. Bxe4 d5 15.
Bg2 c6 16. Nef3 Nf5 17. Nxf5 Bxf5 18. Nd4 Qb6 19. Nxf5 Rxf5 20. g4 Rf7 21. Qd3
Ne5 22. Qh3 g5 23. Rb1 Qd4 24. Be3 Qxg4 25. Qxg4 Nxg4 26. Bd2 Bd4 27. Bh3 Rxf2
28. Rxf2 Nxf2 29. Be6+ Kg7 30. Bc3 Bxc3 31. bxc3 Ne4 32. Rxb7+ Kf6 33. Bd7 c5
34. Rc7 Ke5 35. Rc6 Rb8 36. a4 c4 37. Re6+ Kf4 38. Rxh6 Nxc3 39. Kf2 Rb2+ 40.
Kf1 Ne4 41. Bc6 c3 42. Ke1 Nf2 0-1

[Event "Kreismeisterschaft Mittelfranken Mitte 2"]
[Site "Nuernberg"]
[Date "2020.01.06"]
[Round "6.4"]
[White "Redzepovic, Irfan"]
[Black "Erlbeck, Peter"]
[Result "1/2-1/2"]
[WhiteElo "2056"]
[BlackElo "2056"]
[PlyCount "70"]
[EventDate "2020.??.??"]
[WhiteTeam "SW Nürnberg Süd"]
[BlackTeam "SW Nürnberg Süd"]

1. Nf3 f5 2. g3 Nf6 3. Bg2 g6 4. O-O Bg7 5. c4 O-O 6. Nc3 d6 7. Rb1 e5 8. b4
Nc6 9. b5 Ne7 10. c5 e4 11. cxd6 cxd6 12. Ne1 d5 13. Qb3 Kh8 14. d4 h6 15. Nc2
Be6 16. Ba3 b6 17. Rfc1 Re8 18. Nb4 Qd7 19. Nc6 Nfg8 20. e3 Rac8 21. Bf1 g5 22.
Nd1 Ng6 23. Be2 Nf6 24. f4 exf3 25. Bxf3 f4 26. exf4 gxf4 27. gxf4 Ne4 28. Qe3
Bf5 29. Ne5 Nxe5 30. dxe5 Rg8 31. Rxc8 Rxc8 32. Rc1 Rxc1 33. Qxc1 Qxb5 34. Ne3
Bh3 35. Bg2 Bxg2 1/2-1/2

[Event "Kreismeisterschaft Mittelfranken Mitte 2"]
[Site "Nuernberg"]
[Date "2020.01.06"]
[Round "6.5"]
[White "Corral, Carlos"]
[Black "Bildt, Thomas"]
[Result "1/2-1/2"]
[WhiteElo "2015"]
[BlackElo "1998"]
[PlyCount "151"]
[EventDate "2020.??.??"]
[WhiteTeam "SC Noris-Tarrasch Nürnberg"]
[BlackTeam "SK Zirndorf"]

1. e4 e5 2. Nf3 Nc6 3. Nc3 Nf6 4. d4 exd4 5. Nxd4 Bb4 6. Nxc6 bxc6 7. Bd3 d5 8.
exd5 Qe7+ 9. Qe2 Qxe2+ 10. Bxe2 Nxd5 11. Bd2 Nxc3 12. Bxc3 Bxc3+ 13. bxc3 Be6
14. Bf3 Bd5 15. Bxd5 cxd5 16. O-O-O O-O-O 17. Rhe1 Rd7 18. c4 d4 19. Re4 Rhd8
20. Kd2 Rd6 21. Re7 R8d7 22. Rde1 Rf6 23. Re8+ Rd8 24. R8e2 Ra6 25. Re7 Rxa2
26. Kd3 Ra3+ 27. Kd2 d3 28. Rxf7 Ra2 29. Rc1 dxc2+ 30. Kc3 Rd7 31. Rf8+ Kb7 32.
Rxc2 Rxc2+ 33. Kxc2 Rd4 34. Kc3 Rg4 35. g3 Rg6 36. Rf7 a5 37. f4 h6 38. f5 Rf6
39. Rxg7 Rxf5 40. h4 Rf3+ 41. Kb2 Kb6 42. g4 c6 43. g5 Rf4 44. gxh6 Rxc4 45. h5
Rc5 46. h7 Rxh5 47. Kc3 Ka6 48. Kb3 Rh4 49. Rf7 Kb6 50. Rg7 Kb5 51. Rb7+ Kc5
52. Ra7 Kb6 53. Rg7 a4+ 54. Ka3 Kb5 55. Rb7+ Kc5 56. Rg7 Kd5 57. Rg5+ Kd6 58.
Rg6+ Kc7 59. Rg7+ Kb6 60. Rf7 c5 61. Rf4 Rxh7 62. Kxa4 Kc6 63. Kb3 Rh3+ 64. Kc4
Rh6 65. Rg4 Kd6 66. Rf4 Rh1 67. Rg4 Rc1+ 68. Kd3 Kd5 69. Rg5+ Kc6 70. Kd2 Rh1
71. Rg3 Kb5 72. Kc2 Kb4 73. Kb2 Rh2+ 74. Kc1 c4 75. Rf3 c3 76. Rf8 1/2-1/2

[Event "Kreismeisterschaft Mittelfranken Mitte 2"]
[Site "Nuernberg"]
[Date "2020.01.06"]
[Round "6.6"]
[White "Vogiatzis, Dimitrios"]
[Black "Llugiq, Bajram"]
[Result "1/2-1/2"]
[WhiteElo "2085"]
[BlackElo "1820"]
[PlyCount "99"]
[EventDate "2020.??.??"]
[WhiteTeam "SC Noris-Tarrasch Nürnberg"]
[BlackTeam "SW Nürnberg Süd"]

1. e4 c5 2. b4 e5 3. b5 Nf6 4. Qe2 b6 5. c4 d6 6. Bb2 Be7 7. h4 Be6 8. Nc3 Qc7
9. h5 h6 10. Nd5 Bxd5 11. cxd5 Nh7 12. f4 Bf6 13. fxe5 Bxe5 14. Bxe5 dxe5 15.
Qg4 O-O 16. Bc4 Qd7 17. Qg3 Qd6 18. Nf3 Nd7 19. d3 Kh8 20. Nh4 Qf6 21. Qh3 Rad8
22. Rf1 Qg5 23. Rf5 Qe7 24. g4 Ng5 25. Qg3 Kh7 26. Rf2 g6 27. Ke2 Qd6 28. Raf1
Kg7 29. Ng2 Rde8 30. Ne3 Rb8 31. a4 Rbe8 32. Rh2 Rh8 33. Rfh1 Nf6 34. Rh4 Ng8
35. Ra1 Nf6 36. Rhh1 Re7 37. Ra3 Rb8 38. Rha1 Rbb7 39. Rh1 Rb8 40. Qh2 Rh8 41.
a5 Nd7 42. a6 Ree8 43. Raa1 Nf6 44. Qg2 Rd8 45. Raf1 Rdf8 46. Rf2 Ne8 47. Rhf1
Qe7 48. Ke1 Nd6 49. Qg3 Nh7 50. Ke2 1/2-1/2

[Event "Kreismeisterschaft Mittelfranken Mitte 2"]
[Site "Nuernberg"]
[Date "2020.01.06"]
[Round "6.7"]
[White "Poerzgen, Michael"]
[Black "Ulusoy, Tolga"]
[Result "1/2-1/2"]
[WhiteElo "1728"]
[BlackElo "2039"]
[PlyCount "49"]
[EventDate "2020.??.??"]
[WhiteTeam "SW Nürnberg Süd"]
[BlackTeam "SC Noris-Tarrasch Nürnberg"]

1. d4 Nf6 2. Bf4 d6 3. Nc3 g6 4. e4 Bg7 5. Qd2 c6 6. Nf3 Bg4 7. Be2 Nbd7 8.
O-O-O O-O 9. Qe3 Qa5 10. Nd2 Bxe2 11. Qxe2 b5 12. Nb3 Qb6 13. e5 Nh5 14. Bg5 f6
15. e6 Nb8 16. g4 b4 17. Ne4 fxg5 18. gxh5 Qa6 19. Qg4 h6 20. Nxg5 Rxf2 21. Ne4
Re2 22. Qxg6 Qc4 23. Qe8+ Kh7 24. Qg6+ Kh8 25. Qe8+ 1/2-1/2

[Event "Kreismeisterschaft Mittelfranken Mitte 2"]
[Site "Nuernberg"]
[Date "2020.01.06"]
[Round "6.8"]
[White "Holl, Manfred"]
[Black "Ott, Hans"]
[Result "0-1"]
[WhiteElo "2044"]
[BlackElo "1545"]
[PlyCount "76"]
[EventDate "2020.??.??"]
[WhiteTeam "SW Nürnberg Süd"]
[BlackTeam "SC Stein"]

1. e4 c5 2. Nf3 d6 3. d4 cxd4 4. Nxd4 a6 5. Nc3 g6 6. Be3 Bg7 7. Qd2 Nf6 8. Be2
O-O 9. h4 h5 10. O-O-O Nc6 11. Nxc6 bxc6 12. e5 Nd5 13. Nxd5 cxd5 14. g4 hxg4
15. h5 Bf5 16. Bd3 Bxe5 17. Bh6 Qb6 18. c3 Bxd3 19. Qxd3 Rab8 20. Qc2 Rfc8 21.
hxg6 f5 22. Be3 d4 23. Bxd4 Bxd4 24. Rxd4 Qxd4 25. cxd4 Rxc2+ 26. Kxc2 Kg7 27.
Rh7+ Kxg6 28. Rxe7 Kg5 29. b3 Kf4 30. Re3 Rh8 31. Kd2 Rh3 32. Re2 Kf3 33. Ke1
f4 34. Re6 Rh1+ 35. Kd2 Kxf2 36. Rxd6 g3 37. Re6 g2 38. Re2+ Kf3 0-1

[Event "Kreismeisterschaft Mittelfranken Mitte 2"]
[Site "Nuernberg"]
[Date "2020.01.06"]
[Round "6.9"]
[White "Danninger, Hugo"]
[Black "Albayrak, Nese Pinar"]
[Result "1/2-1/2"]
[WhiteElo "1795"]
[BlackElo "1479"]
[PlyCount "81"]
[EventDate "2020.??.??"]
[WhiteTeam "Zabo-Eintracht Nürnberg"]
[BlackTeam "SC Noris-Tarrasch Nürnberg"]

1. e4 e5 2. Nf3 Nc6 3. Bc4 Nf6 4. d3 Bc5 5. Nc3 d6 6. h3 Be6 7. Bb3 Qd7 8. Be3
Bxe3 9. fxe3 O-O 10. O-O Rfe8 11. Qd2 Bxb3 12. axb3 d5 13. exd5 Nxd5 14. Ne4 b6
15. Rad1 Rad8 16. Nc3 Qe7 17. Nxd5 Rxd5 18. e4 Qc5+ 19. Kh1 Rd7 20. Rc1 f6 21.
Nh4 Nd4 22. Nf5 a5 23. Nxd4 Qxd4 24. Qc3 Red8 25. Qxd4 exd4 26. Rf5 c5 27. Kh2
Kf7 28. Rcf1 Ke6 29. Kg3 Rf7 30. Kf2 g6 31. Rf3 Rdf8 32. Ke2 Ke5 33. Rf4 f5 34.
g4 Ke6 35. gxf5+ gxf5 36. exf5+ Rxf5 37. Re4+ Kd6 38. Rxf5 Rxf5 39. Rh4 h5 40.
Re4 Rg5 41. Kf2 1/2-1/2

[Event "Kreismeisterschaft Mittelfranken Mitte 2"]
[Site "Nuernberg"]
[Date "2020.01.06"]
[Round "6.10"]
[White "Mueller, Christian"]
[Black "Diebel, Günter"]
[Result "1-0"]
[WhiteElo "1393"]
[BlackElo "1842"]
[PlyCount "85"]
[EventDate "2020.??.??"]
[WhiteTeam "SW Nürnberg Süd"]
[BlackTeam "SW Nürnberg Süd"]

1. b3 d5 2. Bb2 Nc6 3. e3 Nf6 4. Nf3 Bg4 5. h3 Bxf3 6. Qxf3 a6 7. d4 e6 8. a3
Bd6 9. c4 dxc4 10. b4 Qd7 11. Bxc4 b5 12. Bd3 O-O 13. Be4 Nxe4 14. Qxe4 Rae8
15. Qg4 f5 16. Qd1 f4 17. exf4 Rxf4 18. O-O Nxd4 19. g3 Nf3+ 20. Kg2 Rf7 21.
Nd2 Nxd2 22. Qxd2 Ref8 23. Rac1 Rf3 24. Rc3 Qf7 25. Qe2 Rxc3 26. Bxc3 e5 27.
Bb2 Qd5+ 28. Kg1 Qf3 29. Qxf3 Rxf3 30. Re1 Kf7 31. Kg2 Rb3 32. Bxe5 Rxa3 33.
Bxd6 cxd6 34. Rc1 h6 35. Rc6 Ke6 36. Rc7 Ra4 37. Rxg7 Rxb4 38. Rg6+ Ke5 39.
Rxh6 a5 40. f4+ Kd5 41. Rh5+ Ke4 42. f5 a4 43. Rh4+ 1-0

[Event "Kreismeisterschaft Mittelfranken Mitte 2"]
[Site "Nuernberg"]
[Date "2020.01.06"]
[Round "6.12"]
[White "Denninger, David"]
[Black "Muenzenberg, Dietrich"]
[Result "1/2-1/2"]
[WhiteElo "1775"]
[BlackElo "1697"]
[PlyCount "115"]
[EventDate "2020.??.??"]
[WhiteTeam "SC JÄKLECHEMIE"]
[BlackTeam "Zabo-Eintracht Nürnberg"]

1. d4 f5 2. Bg5 g6 3. e3 Bg7 4. c3 Nf6 5. Bxf6 Bxf6 6. Nd2 d5 7. Bd3 O-O 8. f4
e6 9. Ngf3 Nd7 10. Qe2 Qe7 11. Ne5 c5 12. O-O-O cxd4 13. exd4 Bxe5 14. fxe5 a6
15. h4 b5 16. h5 Rf7 17. hxg6 hxg6 18. g4 Nf8 19. Rh6 Rh7 20. Rdh1 Rxh6 21.
Rxh6 Qg7 22. g5 Ra7 23. Nf3 Nh7 24. Qd2 Bd7 25. Bc2 Be8 26. Kb1 Rb7 27. Rh2 Qf8
28. a3 Rg7 29. Ne1 Qe7 30. Rg2 Nf8 31. Qf4 Rh7 32. Nf3 a5 33. Nd2 Rh1+ 34. Ka2
Rh3 35. Rg3 Rxg3 36. Qxg3 Nh7 37. Nf3 b4 38. cxb4 axb4 39. Qg2 bxa3 40. bxa3
Qc7 41. Qd2 Bb5 42. Bb3 Bc4 43. Qc2 Bxb3+ 44. Qxb3 Qc1 45. a4 Nxg5 46. Nxg5
Qxg5 47. Qb2 Qd8 48. Qb5 f4 49. Qc6 Kf7 50. Qc1 g5 51. Qd2 Qc7 52. a5 Qc4+ 53.
Kb2 f3 54. Qxg5 Qxd4+ 55. Kc2 Qe4+ 56. Kc1 Qc4+ 57. Kb1 Qb3+ 58. Kc1 1/2-1/2

[Event "Kreismeisterschaft Mittelfranken Mitte 2"]
[Site "Nuernberg"]
[Date "2020.01.06"]
[Round "6.13"]
[White "Gottlieb, Michael"]
[Black "Scheitler, Wolfgang"]
[Result "1-0"]
[WhiteElo "1714"]
[BlackElo "1472"]
[PlyCount "29"]
[EventDate "2020.??.??"]
[WhiteTeam "SC Postbauer-Heng"]
[BlackTeam "SW Nürnberg Süd"]

1. e4 c6 2. Nf3 d5 3. exd5 cxd5 4. Ne5 Nf6 5. d4 e6 6. c3 Be7 7. Bd3 O-O 8. O-O
Nbd7 9. f4 a6 10. Nd2 b5 11. a4 bxa4 12. Rxa4 Nb6 13. Ra1 Qc7 14. Rf3 Nfd7 15.
Bxh7+ 1-0

[Event "Kreismeisterschaft Mittelfranken Mitte 2"]
[Site "Nuernberg"]
[Date "2020.01.06"]
[Round "6.14"]
[White "Albayrak, Aylin"]
[Black "Albayrak, Atilla"]
[Result "1-0"]
[WhiteElo "1703"]
[BlackElo "1422"]
[PlyCount "47"]
[EventDate "2020.??.??"]
[WhiteTeam "SC Noris-Tarrasch Nürnberg"]
[BlackTeam "SC Noris-Tarrasch Nürnberg"]

1. d4 d5 2. c4 c6 3. Nc3 Nf6 4. Nf3 e6 5. Bg5 Be7 6. e3 O-O 7. Be2 dxc4 8. Bxc4
Nbd7 9. O-O Qc7 10. h3 b5 11. Bb3 Bb7 12. Rc1 Qb6 13. Qd3 c5 14. Qxb5 Qxb5 15.
Nxb5 Bxf3 16. gxf3 cxd4 17. Nxd4 Rac8 18. e4 Ne5 19. Kg2 Nd3 20. Rxc8 Rxc8 21.
Nxe6 h6 22. Be3 a5 23. Nf4 g5 24. Nxd3 1-0

[Event "Kreismeisterschaft Mittelfranken Mitte 2"]
[Site "Nuernberg"]
[Date "2020.01.06"]
[Round "6.15"]
[White "Nuesslein, Christian"]
[Black "Wettermann, Bernd"]
[Result "1/2-1/2"]
[WhiteElo "1848"]
[BlackElo "1760"]
[PlyCount "108"]
[EventDate "2020.??.??"]
[WhiteTeam "SGem Nürnberg"]
[BlackTeam "Zabo-Eintracht Nürnberg"]

1. b4 e5 2. Bb2 d6 3. c4 Nd7 4. e3 Be7 5. Be2 Ngf6 6. d3 O-O 7. g4 c5 8. b5 Rb8
9. h4 a6 10. a4 axb5 11. axb5 b6 12. g5 Ne8 13. Bf3 f5 14. Nc3 e4 15. dxe4 Ne5
16. Nd5 Nxf3+ 17. Nxf3 fxe4 18. Nd2 Bf5 19. Ra7 Rf7 20. Nxe7+ Rxe7 21. Rxe7
Qxe7 22. Qc2 Qe6 23. Rg1 Bg6 24. Qd1 Qh3 25. Qg4 Qxg4 26. Rxg4 Rd8 27. Nxe4 d5
28. Nd2 dxc4 29. Rxc4 Nd6 30. Ra4 Nxb5 31. Ra6 Bd3 32. Rxb6 Nc7 33. Rb7 Ne8 34.
Bc3 Ra8 35. Be5 c4 36. Rb8 Ra5 37. Nxc4 Bxc4 38. Rxe8+ Kf7 39. Rc8 Bd5 40. Rc7+
Ke6 41. Bxg7 Bf3 42. Bc3 Rb5 43. Bd4 Kd5 44. Kd2 Ra5 45. Rxh7 Ra2+ 46. Kc3 Rxf2
47. e4+ Bxe4 48. Bxf2 Bxh7 49. h5 Bf5 50. Bd4 Ke6 51. Bh8 Kf7 52. Kd4 Bb1 53.
Ke5 Bd3 54. Bf6 Bc2 1/2-1/2

[Event "Kreismeisterschaft Mittelfranken Mitte 2"]
[Site "Nuernberg"]
[Date "2020.01.06"]
[Round "6.16"]
[White "Hutzler, Udo"]
[Black "Hahn, Thomas"]
[Result "0-1"]
[WhiteElo "1425"]
[BlackElo "1866"]
[PlyCount "42"]
[EventDate "2020.??.??"]
[WhiteTeam "SK Nürnberg"]
[BlackTeam "Zabo-Eintracht Nürnberg"]

1. d4 f5 2. Bf4 g6 3. Nf3 Nf6 4. e3 Bg7 5. Bd3 O-O 6. c4 d6 7. Nc3 c6 8. O-O
Qe8 9. h3 Nbd7 10. Re1 e5 11. dxe5 dxe5 12. Nxe5 Nxe5 13. Bxe5 Qxe5 14. e4 fxe4
15. Bxe4 Qg5 16. Kh2 Nxe4 17. Nxe4 Qf4+ 18. Kg1 Bf5 19. Qc2 Rae8 20. g3 Qf3 21.
Re3 Bxe4 0-1

[Event "Kreismeisterschaft Mittelfranken Mitte 2"]
[Site "Nuernberg"]
[Date "2020.01.06"]
[Round "6.17"]
[White "Koberstein, Simon"]
[Black "Hamazaspyan, Seryozka"]
[Result "0-1"]
[WhiteElo "1024"]
[BlackElo "1507"]
[PlyCount "80"]
[EventDate "2020.??.??"]
[WhiteTeam "SC Postbauer-Heng"]
[BlackTeam "SC JÄKLECHEMIE"]

1. e4 e6 2. d4 d5 3. Nc3 Nf6 4. e5 Nfd7 5. Nf3 c5 6. Be3 Nc6 7. dxc5 Bxc5 8.
Bxc5 Nxc5 9. Bb5 Bd7 10. Bxc6 Bxc6 11. Qd4 Nd7 12. O-O-O Qb6 13. Qxb6 Nxb6 14.
Nd4 Bd7 15. Rhe1 a6 16. Rd3 Ke7 17. b3 Rac8 18. Kb2 Rc7 19. Ree3 Na8 20. Rg3
Rg8 21. h3 b5 22. Nce2 Rb7 23. h4 Nb6 24. Nf4 Nc4+ 25. Kc1 Nxe5 26. Rde3 Kd6
27. Nh5 Ng6 28. Nxg7 Rxg7 29. h5 Rb8 30. hxg6 hxg6 31. Ref3 Rh8 32. Rf6 Ke5 33.
Nc6+ Bxc6 34. Rff3 Rh1+ 35. Kb2 f5 36. Rc3 Kd6 37. Ka3 Rg1 38. Kb4 Ra1 39. a3
Ra7 40. Rce3 d4 0-1

[Event "Kreismeisterschaft Mittelfranken Mitte 2"]
[Site "Nuernberg"]
[Date "2020.01.06"]
[Round "6.18"]
[White "Merdian, Nick"]
[Black "Barnowski, Roman"]
[Result "1/2-1/2"]
[WhiteElo "1588"]
[BlackElo "1540"]
[PlyCount "74"]
[EventDate "2020.??.??"]
[WhiteTeam "SC Postbauer-Heng"]
[BlackTeam "SW Nürnberg Süd"]

1. d4 Nf6 2. c4 g6 3. Nc3 Bg7 4. e4 d6 5. Nf3 O-O 6. Be2 e5 7. d5 Nbd7 8. Be3
Ne8 9. Qd2 Ndf6 10. Bh6 Bxh6 11. Qxh6 Ng4 12. Qd2 f5 13. exf5 Bxf5 14. h3 Ngf6
15. O-O-O Rf7 16. Rdg1 Rg7 17. Ne1 c6 18. f3 cxd5 19. Nxd5 Be6 20. Nxf6+ Qxf6
21. g4 Rc8 22. Kb1 Bxc4 23. Bxc4+ Rxc4 24. Qd5+ Qf7 25. Qb5 Rc5 26. Qa4 b6 27.
a3 b5 28. Qe4 Rc4 29. Qe3 Qb7 30. Nd3 Rf7 31. Rf1 Nf6 32. Qe2 Nd5 33. Rh2 Nf4
34. Nxf4 Rcxf4 35. Rhf2 Rc7 36. Qd3 Rc5 37. Qxd6 Rd5 1/2-1/2

[Event "Kreismeisterschaft Mittelfranken Mitte 2"]
[Site "Nuernberg"]
[Date "2020.01.06"]
[Round "6.19"]
[White "Dreiseitel, Werner"]
[Black "Dreiseitel, Ursula"]
[Result "1/2-1/2"]
[WhiteElo "1593"]
[BlackElo "1480"]
[PlyCount "82"]
[EventDate "2020.??.??"]
[WhiteTeam "SW Nürnberg Süd"]
[BlackTeam "SW Nürnberg Süd"]

1. d4 Nf6 2. Nf3 d5 3. c4 Bg4 4. Ne5 Bf5 5. Nc3 e6 6. Bg5 h6 7. Bf4 c5 8. e3
Nc6 9. Qa4 Qb6 10. Nxc6 Qxc6 11. Qxc6+ bxc6 12. cxd5 cxd5 13. Bb5+ Nd7 14. dxc5
Bxc5 15. a3 Ke7 16. O-O Rhc8 17. Rad1 a6 18. Be2 Bc2 19. Rd2 Bb3 20. Bd3 Bd6
21. Bxd6+ Kxd6 22. Be2 Ke7 23. h3 Nb6 24. e4 Nc4 25. Bxc4 Bxc4 26. exd5 Bxf1
27. d6+ Kd7 28. Kxf1 Rc6 29. Ne4 f5 30. Nc3 Rxd6 31. Re2 Rd8 32. Ke1 Ke7 33. f3
h5 34. g4 hxg4 35. hxg4 g6 36. Rh2 Rf8 37. Rh6 e5 38. gxf5 gxf5 39. Rh7+ Rf7
40. Rh8 Ke6 41. Na4 Rc6 1/2-1/2

[Event "Kreismeisterschaft Mittelfranken Mitte 2"]
[Site "Nuernberg"]
[Date "2020.01.06"]
[Round "6.20"]
[White "Babichev, Vyacheslav"]
[Black "Naegelein, Yannick"]
[Result "1-0"]
[WhiteElo "1787"]
[BlackElo "1219"]
[PlyCount "77"]
[EventDate "2020.??.??"]
[WhiteTeam "SW Nürnberg Süd"]
[BlackTeam "SV Postbauer"]

1. Nf3 e6 2. c4 c6 3. d4 d5 4. c5 b6 5. Bg5 Nf6 6. b4 Be7 7. e3 a5 8. Qa4 Bb7
9. Bd3 Nbd7 10. b5 Rc8 11. Bxf6 Bxf6 12. cxb6 Qxb6 13. O-O c5 14. Nbd2 cxd4 15.
exd4 O-O 16. Nb3 Ra8 17. Rac1 e5 18. Nc5 e4 19. Nxd7 Qd8 20. Nxf8 exf3 21. Nxh7
Be7 22. gxf3 g6 23. Kh1 Kxh7 24. Rg1 Bd6 25. Qd1 Qh4 26. Rg2 Kg7 27. Be2 Rh8
28. Qg1 Qxd4 29. Rd1 Qb2 30. Bd3 d4 31. Be4 Qxb5 32. Bxb7 Qxb7 33. Rxd4 Bb8 34.
Re4 Qb2 35. a4 Qb3 36. Qa1+ f6 37. Re7+ Kh6 38. Qxf6 Rg8 39. Qh4# 1-0

[Event "Kreismeisterschaft Mittelfranken Mitte 2"]
[Site "Nuernberg"]
[Date "2020.01.06"]
[Round "6.21"]
[White "Ott, Juan Luis"]
[Black "Nerreter, Bernd"]
[Result "1/2-1/2"]
[WhiteElo "1582"]
[BlackElo "1337"]
[PlyCount "62"]
[EventDate "2020.??.??"]
[WhiteTeam "Zabo-Eintracht Nürnberg"]
[BlackTeam "SC Noris-Tarrasch Nürnberg"]

1. d4 d5 2. c4 e6 3. Nf3 Nf6 4. Bg5 Be7 5. e3 O-O 6. a3 c6 7. Nc3 Nbd7 8. c5 h6
9. Bh4 Nh7 10. Bxe7 Qxe7 11. Bd3 Nhf6 12. Bc2 Rb8 13. O-O b6 14. cxb6 Rxb6 15.
b3 Ba6 16. Re1 c5 17. Na4 Rc6 18. Ne5 Rc7 19. Nxd7 Nxd7 20. Bd3 Bxd3 21. Qxd3
c4 22. bxc4 Rxc4 23. Nb2 Rc7 24. Rec1 Rfc8 25. Rxc7 Rxc7 26. Qd2 Nb6 27. a4 Nc4
28. Nxc4 Rxc4 29. g3 Qc7 30. Ra2 Qc6 31. a5 Qc7 1/2-1/2

[Event "Kreismeisterschaft Mittelfranken Mitte 2"]
[Site "Nuernberg"]
[Date "2020.01.06"]
[Round "6.22"]
[White "Schaller, Michael"]
[Black "Wensky, Michael"]
[Result "1-0"]
[WhiteElo "1580"]
[BlackElo "1370"]
[PlyCount "53"]
[EventDate "2020.??.??"]
[WhiteTeam "SW Nürnberg Süd"]
[BlackTeam "SC Noris-Tarrasch Nürnberg"]

1. e4 e5 2. Nf3 Nc6 3. Bc4 f5 4. exf5 e4 5. Ng1 Nf6 6. Be2 h5 7. d3 d5 8. dxe4
d4 9. c3 Nxe4 10. Bxh5+ Kd7 11. cxd4 Qh4 12. g3 Qxh5 13. f3 Nxg3 14. d5 Qe8+
15. Kf2 Nxh1+ 16. Kg2 Ne5 17. Qa4+ c6 18. dxc6+ bxc6 19. Qd4+ Kc7 20. Bf4 Bd6
21. Nc3 Bxf5 22. Ne4 Qe6 23. Nxd6 Rad8 24. Bxe5 Rxh2+ 25. Bxh2 Qg6+ 26. Kxh1
Qh6 27. Qxa7# 1-0

[Event "Kreismeisterschaft Mittelfranken Mitte 2"]
[Site "Nuernberg"]
[Date "2020.01.06"]
[Round "6.23"]
[White "Albayrak, Melissa"]
[Black "Klinger, Klaus"]
[Result "0-1"]
[WhiteElo "1225"]
[BlackElo "1668"]
[PlyCount "94"]
[EventDate "2020.??.??"]
[WhiteTeam "SC Noris-Tarrasch Nürnberg"]
[BlackTeam "Zabo-Eintracht Nürnberg"]

1. e4 e6 2. d4 d5 3. e5 c5 4. Bb5+ Nc6 5. c3 a6 6. Bxc6+ bxc6 7. Nf3 Ne7 8. O-O
Rb8 9. Qc2 cxd4 10. Nxd4 Bd7 11. Bg5 c5 12. Nf3 Qb6 13. b3 Nc6 14. Nbd2 h6 15.
Be3 d4 16. cxd4 cxd4 17. Nc4 Qa7 18. Bd2 Nb4 19. Bxb4 Bxb4 20. Qd3 Bc3 21. Nd6+
Ke7 22. Rad1 Bb5 23. Nxb5 Rxb5 24. Nxd4 Bxd4 25. Qxd4 Qxd4 26. Rxd4 Rxe5 27.
Ra4 a5 28. h3 Rb8 29. Rc1 Rb4 30. Rxb4 axb4 31. Rc4 Rb5 32. Kf1 g5 33. g4 Kf6
34. Ke2 Ra5 35. Rxb4 Rxa2+ 36. Ke3 Rc2 37. Rc4 Rb2 38. Rb4 Rb1 39. f4 Rh1 40.
fxg5+ hxg5 41. Rb5 Rxh3+ 42. Ke4 Rg3 43. b4 Rxg4+ 44. Kf3 Rf4+ 45. Ke3 e5 46.
Rb6+ Kf5 47. b5 g4 0-1

[Event "Kreismeisterschaft Mittelfranken Mitte 2"]
[Site "Nuernberg"]
[Date "2020.01.06"]
[Round "6.24"]
[White "Walisch, Wilfried"]
[Black "Majid, Hakim"]
[Result "1-0"]
[WhiteElo "1548"]
[BlackElo "1528"]
[PlyCount "79"]
[EventDate "2020.??.??"]
[WhiteTeam "SW Nürnberg Süd"]
[BlackTeam "SW Nürnberg Süd"]

1. c4 Nf6 2. g3 e5 3. Bg2 Bc5 4. Nc3 O-O 5. e3 c6 6. Nge2 Na6 7. a3 Nc7 8. O-O
d5 9. d4 exd4 10. exd4 Be7 11. b3 dxc4 12. bxc4 Bg4 13. Re1 Ne6 14. Be3 Qc8 15.
d5 cxd5 16. cxd5 Nc5 17. d6 Rd8 18. Bf4 Bf8 19. Rc1 Qd7 20. Nd5 Nxd5 21. Qxd5
Ne6 22. Qxb7 Nxf4 23. Nxf4 Qxd6 24. Bd5 Qf6 25. Rc7 Rab8 26. Qxa7 Be6 27. Bxe6
fxe6 28. Nxe6 Re8 29. Rc6 Ra8 30. Qd7 Bxa3 31. Rb1 h6 32. Rb7 Be7 33. Kg2 Kh7
34. h4 Qf5 35. Ng5+ Qxg5 36. hxg5 hxg5 37. Qf5+ Kg8 38. Qg6 Rad8 39. Re6 Rd6
40. Qxe8+ 1-0

[Event "Kreismeisterschaft Mittelfranken Mitte 2"]
[Site "Nuernberg"]
[Date "2020.01.06"]
[Round "6.25"]
[White "Steindl, Horst"]
[Black "Sethi, Aaron"]
[Result "1-0"]
[WhiteElo "1308"]
[BlackElo "886"]
[PlyCount "81"]
[EventDate "2020.??.??"]
[WhiteTeam "SW Nürnberg Süd"]
[BlackTeam "SC Noris-Tarrasch Nürnberg"]

1. d4 d5 2. Bf4 Bf5 3. Nf3 Nc6 4. e3 a6 5. Nbd2 g6 6. Ne5 Nb4 7. Bd3 f6 8. Bxf5
fxe5 9. Bxe5 Nf6 10. Bd3 Nxd3+ 11. cxd3 c6 12. O-O e6 13. e4 Rg8 14. Re1 dxe4
15. Nxe4 Nxe4 16. dxe4 Bd6 17. Qb3 Qd7 18. Rad1 O-O-O 19. Bf6 Rdf8 20. e5 Be7
21. Bxe7 Qxe7 22. Re3 Qh4 23. Qxe6+ Kd8 24. g3 Qh5 25. Rc1 Rg7 26. Qd6+ Ke8 27.
Qb8+ Kf7 28. Qxb7+ Kg8 29. Qxc6 Rgf7 30. f4 g5 31. Rf1 gxf4 32. gxf4 Qg4+ 33.
Rg3 Rg7 34. Rxg4 Rxg4+ 35. Kh1 Rg6 36. Rg1 Rxg1+ 37. Kxg1 Rxf4 38. Qc8+ Kg7 39.
Qxa6 Rxd4 40. Qa7+ Kh6 41. Qxd4 1-0